000 00427nam a22001457a 4500
999 _c2263
_d2263
008 200219b ||||| |||| 00| 0 eng d
020 _a9788188458936
100 _91846
_aGupta, J.B.
245 1 0 _aA course in electrical measurements and instrumentation /
_cby J.B. Gupta
250 _a13th ed.
260 _aDelhi,
_bS.K. Kataria Publication:
_c2008.
300 _axvii,1572p.
650 0 _aElectric Measurements
942 _cBK